Designing field studies for biodiversity conservation : the nature conservancy
Αποθηκεύτηκε σε:
| Κύριος συγγραφέας: | |
|---|---|
| Μορφή: | Βιβλίο |
| Γλώσσα: | English |
| Δημοσίευση: |
Washington, DC :
Island Press,
2001
|
| Θέματα: | |
| Ετικέτες: |
Προσθήκη ετικέτας
Δεν υπάρχουν, Καταχωρήστε ετικέτα πρώτοι!
|
MARC
| LEADER | 00000nam a2200000 i 4500 | ||
|---|---|---|---|
| 001 | 1/92492 | ||
| 008 | 080827s2001 eng d | ||
| 020 | |a 1-55963-878-8 | ||
| 035 | |l 10099648 | ||
| 040 | |a GR-MY-UA |b gre |e aacr | ||
| 041 | 0 | |a eng | |
| 082 | 0 | |a 333.9516 |2 (22) | |
| 100 | 1 | |a Feinsinger, Peter |d 1948- | |
| 245 | 1 | 0 | |a Designing field studies for biodiversity conservation : |b the nature conservancy / |c Peter Feinsinger |
| 260 | |a Washington, DC : |b Island Press, |c 2001 | ||
| 300 | |a xx, 212 σ.; |b εικ.; |c 28 εκ. | ||
| 504 | |a Βιβλιογραφία: σ. 181-194 | ||
| 504 | |a Ευρετήριο: σ. 207-212 | ||
| 650 | 0 | 0 | |a Biodiversity conservation. |
| 852 | |a INST |b LESVOS |e 20080827 |h 333.9516 FEI |p 005100042971 |q 005100042971 |t BK |y 0 | ||
| 901 | |a BIBL1-2008-2 | ||
| 909 | |a Λ |b 151078 | ||
| 922 | |a 1ΕΛΗ |b 200802 |c ΕΠΕΑΕΚ2/ΤΓ |d ΕΛΕΥΘΕΡΟΥΔΑΚΗΣ | ||
| 970 | |a ΚΑΡΑ |b ΓΙΑΣΕΜΗ |z 2008/08/27 | ||